Catálogo
Digital

Catálogo
Digital

Administración (Record no. 13909)

MARC details
000 -CABECERA
campo de control de longitud fija 01879nam a2200301 4500
003 - IDENTIFICADOR DEL NÚMERO DE CONTROL
campo de control EC-UNACH
005 - FECHA Y HORA DE LA ÚLTIMA TRANSACCIÓN
campo de control 20250926124936.0
006 - CÓDIGOS DE INFORMACIÓN DE LONGITUD FIJA--CARACTERÍSTICAS DEL MATERIAL ADICIONAL
campo de control de longitud fija s||||gr|||| 00| 00
008 - DATOS DE LONGITUD FIJA--INFORMACIÓN GENERAL
campo de control de longitud fija 150116t9999 mx r gr 000 0 spa d
020 ## - NÚMERO INTERNACIONAL ESTÁNDAR DEL LIBRO
Número Internacional Estándar del Libro 970-686-197-1
040 ## - FUENTE DE LA CATALOGACIÓN
Centro catalogador/agencia de origen EC-UNACH
Centro/agencia transcriptor EC-UNACH
041 ## - CÓDIGO DE LENGUA
Código de lengua del texto/banda sonora o título independiente spa
082 04 - NÚMERO DE LA CLASIFICACIÓN DECIMAL DEWEY
Número de edición 23
Número de clasificación 648.4012
Número de documento/Ítem L007444
100 ## - ENTRADA PRINCIPAL--NOMBRE DE PERSONA
Nombre de persona Hellriegel, Don
245 ## - MENCIÓN DE TÍTULO
Título Administración
Resto del título Un enfoque basado en competencias.
250 ## - MENCIÓN DE EDICIÓN
Mención de edición Novena Edición
264 ## - Producción, publicación, distribución, fabricación y copyright
Lugar de producción, publicación, distribución, fabricación México D.F., México.
Nombre del de productor, editor, distribuidor, fabricante Thomson Editores, S.A.
Fecha de de producción, publicación, distribución, fabricación o copyright 2002
300 ## - DESCRIPCIÓN FÍSICA
Extensión 561 páginas.
Dimensiones 27 centímetros.
501 ## - NOTA DE "CON"
Nota de “Con” Incluye: Índice
505 ## - NOTA DE CONTENIDO CON FORMATO
Nota de contenido con formato Capítulo 1. Administración en un entorno dinámico -- Capítulo 2. Evolución de la Administración -- Capítulo 3. Fuerza del entorno -- Capítulo 4. Administración global -- Capítulo 5. Emprendedores -- Capítulo 6. Ética y responsabilidad social de las empresas -- Capítulo 7. Planeación y estrategia -- Capítulo 8. Fundamentos de la toma de decisiones -- Capítulo 9. Recursos para la planeación y la toma de decisiones -- Capítulo 10. Fundamentos del diseño organizacional -- Capítulo 11. Diseños organizacionales -- Capítulo 12. Cambio y aprendizaje organizacional -- Capítulo 13. Administración de los recursos humanos -- Capítulo 14. Motivación para el trabajo -- Capítulo 15. Dinámica de liderazgo -- Capítulo 16. Comunicación Organizacional -- Capítulo 17. Manejo de equipos de trabajo -- Capítulo 18. Culturas organizacionales y diversidad cultural -- Capítulo 19. Control y Evaluación -- Capítulo 20. Tecnología para la administración de la información.
650 ## - PUNTO DE ACCESO ADICIONAL DE MATERIA--TÉRMINO DE MATERIA
Término de materia o nombre geográfico como elemento inicial ADMINISTRACIÓN
650 ## - PUNTO DE ACCESO ADICIONAL DE MATERIA--TÉRMINO DE MATERIA
Término de materia o nombre geográfico como elemento inicial ACTIVIDADES DE EMPRENDIMIENTO
650 ## - PUNTO DE ACCESO ADICIONAL DE MATERIA--TÉRMINO DE MATERIA
Término de materia o nombre geográfico como elemento inicial ORGANIZACIÓN EMPRESARIAL
942 ## - ELEMENTOS DE PUNTO DE ACCESO ADICIONAL (KOHA)
Fuente del sistema de clasificación o colocación Clasificación Decimal Dewey
Tipo de ítem Koha Libros
999 ## - NÚMEROS DE CONTROL DE SISTEMA (KOHA)
Koha biblionumber 13909
Holdings
Estado de pérdida Fuente del sistema de clasificación o colocación Estado dañado No para préstamo Localización permanente Ubicación/localización actual Ubicación en estantería Fecha de adquisición Número de inventario Total de préstamos Signatura topográfica completa Código de barras Fecha visto por última vez Número de copia Precio válido a partir de Tipo de ítem Koha Centro de costos
  Clasificación Decimal Dewey     Biblioteca Campus Norte Biblioteca Campus Norte Administración de Empresas 26/09/2025 39932861   648.4012 HEL L007444 L007444 26/09/2025 01 26/09/2025 Libros  

Powered by Koha